[Event "Valasska Bystrice op 11th"]
[Site "Valasska Bystrice"]
[Date "2019.09.14"]
[Round "9"]
[White "Vrabel, Petr"]
[Black "Kunc, Miroslav1111"]
[Result "0-1"]
[WhiteElo "1715"]
[BlackElo "1410"]
[PlyCount "94"]
[EventDate "2019.09.07"]
[EventType "swiss"]
[EventRounds "9"]
[EventCountry "CZE"]
[SourceTitle "EXT 2020"]
[Source "ChessBase"]
[SourceDate "2019.10.17"]
[SourceVersion "1"]
[SourceVersionDate "2019.10.17"]
[SourceQuality "1"]

1. c4 e5 2. a3 Nf6 3. h3 Bc5 4. e3 0-0 5. b4 Be7 6. Bb2 d6 7. Ne2 Bf5 8. d3 Nbd7 9. Ng3 Bg6 10. Nd2 Re8 11. Be2 c6 12. Qc2 Rc8 13. Qb3 b5 14. cxb5 cxb5 15. Bf3 Qb6 16. 0-0 Rc7 17. Rac1 Rec8 18. Rxc7 Rxc7 19. Rc1 Rxc1+ 20. Bxc1 Qc7 21. Bb2 Nb6 22. Nde4 Na4 23. Kh2 Nxb2 24. Qxb2 d5 25. Nxf6+ Bxf6 26. Bxd5 Bxd3 27. e4 Bc4 28. Qd2 Qd8 29. Nh1 Bg5 30. Qd1 Bxd5 31. exd5 Qd6 32. Kg1 f5 33. Ng3 g6 34. Ne2 Be7 35. Nc3 a6 36. Qd2 Kg7 37. Qd3 Qb6 38. Ne2 Qc7 39. Qd2 Qb6 40. Qc3 Qd6 41. Qd2 Qb6 42. Qc3 Qd6 43. g4 Qxd5 44. gxf5 Qd1+ 45. Kg2 Qxe2 46. fxg6 Qe4+ 47. Kf1 Qc4+ 0-1

[Event "Valasska Bystrice op 11th"]
[Site "Valasska Bystrice"]
[Date "2019.09.10"]
[Round "5"]
[White "Fiser, Jiri1111"]
[Black "Vrabel, Petr"]
[Result "1-0"]
[WhiteElo "1950"]
[BlackElo "1715"]
[PlyCount "65"]
[EventDate "2019.09.07"]
[EventType "swiss"]
[EventRounds "9"]
[EventCountry "CZE"]
[SourceTitle "EXT 2020"]
[Source "ChessBase"]
[SourceDate "2019.10.17"]
[SourceVersion "1"]
[SourceVersionDate "2019.10.17"]
[SourceQuality "1"]

1. e4 c5 2. Nf3 Nc6 3. Bb5 e6 4. 0-0 Qb6 5. Nc3 a6 6. Bc4 Qc7 7. a4 b6 8. Re1 Be7 9. d4 cxd4 10. Nxd4 Bb7 11. Nb3 h6 12. Be3 Nf6 13. f4 Nh7 14. Qe2 0-0 15. Qf2 Bd8 16. Rad1 Nf6 17. h3 Ne7 18. Bd3 d5 19. Bd4 Nc6 20. Be3 dxe4 21. Nxe4 Nxe4 22. Bxe4 Ne7 23. Bd4 Bxe4 24. Rxe4 Nf5 25. Be5 Qc6 26. Rb4 Bh4 27. Qe2 Rfc8 28. c3 a5 29. Nd4 Ng3 30. Qg4 Ne2+ 31. Nxe2 g5 32. Rbd4 f5 33. Qh5 1-0

[Event "Valasska Bystrice op"]
[Site "Valasska Bystrice"]
[Date "2015.09.17"]
[Round "7"]
[White "Micka, Norbert"]
[Black "Vrabel, Petr"]
[Result "1-0"]
[WhiteElo "1815"]
[BlackElo "1739"]
[PlyCount "54"]
[EventDate "2015.09.12"]
[EventType "swiss"]
[EventRounds "9"]
[EventCountry "CZE"]
[SourceTitle "EXT 2016"]
[Source "ChessBase"]
[SourceDate "2015.10.08"]
[SourceVersion "1"]
[SourceVersionDate "2015.10.08"]
[SourceQuality "1"]

1. Nf3 c5 2. c4 Nc6 3. Nc3 e6 4. g3 h6 5. Bg2 Nge7 6. 0-0 Ng6 7. d4 cxd4 8. Nxd4 Be7 9. Be3 0-0 10. h3 Bg5 11. f4 Bf6 12. Qd2 a6 13. Ne4 Bxd4 14. Bxd4 Nxd4 15. Qxd4 d5 16. Rfd1 Ne7 17. cxd5 Nf5 18. Qf2 exd5 19. g4 Ne7 20. Nc3 Qa5 21. Nxd5 Nxd5 22. Rxd5 Qb4 23. Qd4 Qe7 24. e4 Qc7 25. f5 f6 26. e5 fxe5 27. Qxe5 Bd7 1-0

[Event "Valasska Bystrice op"]
[Site "Valasska Bystrice"]
[Date "2014.09.14"]
[Round "2"]
[White "Oktavec, Ivan"]
[Black "Vrabel, Petr"]
[Result "1/2-1/2"]
[WhiteElo "1634"]
[BlackElo "1530"]
[PlyCount "52"]
[EventDate "2014.09.13"]
[EventType "swiss"]
[EventRounds "9"]
[EventCountry "CZE"]
[SourceTitle "CBM 162 Extra"]
[Source "ChessBase"]
[SourceDate "2014.10.17"]
[SourceVersion "1"]
[SourceVersionDate "2014.10.17"]
[SourceQuality "1"]

1. d4 d5 2. Bf4 Nc6 3. e3 h6 4. h3 a6 5. Nf3 Bf5 6. Bd3 Be4 7. 0-0 Nf6 8. Ne5 Nb4 9. a3 Nxd3 10. Nxd3 e6 11. b4 Bd6 12. Ne5 0-0 13. Nd2 Bh7 14. c4 c6 15. c5 Bc7 16. Bh2 Nd7 17. Ndf3 f6 18. Nxd7 Bxh2+ 19. Nxh2 Qxd7 20. f4 Bg6 21. g4 Rae8 22. Nf3 Qc7 23. Qe1 Qc8 24. Qg3 Qb8 25. Kh2 Bh7 26. Rae1 Kh8 1/2-1/2

[Event "Valasska Bystrice op"]
[Site "Valasska Bystrice"]
[Date "2013.09.10"]
[Round "5"]
[White "Vrabel, Petr"]
[Black "Perik, Alois"]
[Result "1/2-1/2"]
[WhiteElo "1426"]
[BlackElo "1851"]
[PlyCount "47"]
[EventDate "2013.09.07"]
[EventType "swiss"]
[EventRounds "9"]
[EventCountry "CZE"]
[SourceTitle "CBM 156 Extra"]
[Source "ChessBase"]
[SourceDate "2013.10.22"]
[SourceVersion "1"]
[SourceVersionDate "2013.10.22"]
[SourceQuality "1"]

1. c4 Nf6 2. e3 c5 3. b3 Nc6 4. Bb2 e6 5. a3 Be7 6. Be2 0-0 7. Bf3 d5 8. cxd5 Nxd5 9. Ne2 Bf6 10. Bxf6 Qxf6 11. Nbc3 Rd8 12. 0-0 Ne5 13. Bxd5 exd5 14. Ng3 b6 15. Rb1 Ba6 16. Nce2 Rac8 17. d4 cxd4 18. Qxd4 Qd6 19. Rfd1 Nc6 20. Qg4 Bxe2 21. Nxe2 Qe5 22. Rbc1 Ne7 23. Rxc8 Rxc8 24. Nd4 1/2-1/2